| Tag |
First Indicator |
Second Indicator |
Subfields |
| LEADER |
00000cam a2200000 i 4500 |
| 001 |
in00000044956 |
| 005 |
20231019133802.0 |
| 008 |
760426s1976 nyua b 001 0 eng |
| 010 |
|
|
|a 75024792
|
| 019 |
|
|
|a 2191280
|a 7636314
|a 957497727
|a 1039356854
|
| 020 |
|
|
|a 0809415275
|
| 020 |
|
|
|a 9780809415274
|
| 020 |
|
|
|a 0809415259
|
| 020 |
|
|
|a 9780809415250
|
| 029 |
1 |
|
|a AU@
|b 000000235888
|
| 029 |
1 |
|
|a DEBBG
|b BV007690887
|
| 029 |
1 |
|
|a HEBIS
|b 11406332X
|
| 029 |
1 |
|
|a NZ1
|b 2983729
|
| 035 |
|
|
|a (OCoLC)ocm02224738
|
| 035 |
|
|
|a (OCoLC)2224738
|z (OCoLC)2191280
|z (OCoLC)7636314
|z (OCoLC)957497727
|z (OCoLC)1039356854
|
| 035 |
|
|
|a (OCoLC)ocm02224738
|
| 040 |
|
|
|a DLC
|b eng
|c DLC
|d XY4
|d BAKER
|d BTCTA
|d ZWQ
|d DEBBG
|d VOV
|d GZM
|d OCLCF
|d OCLCQ
|d CNNLC
|d OCLCQ
|d AL5CO
|d CSJ
|d TY7
|d OCLCO
|d OCLCQ
|d MNB
|d OCLCQ
|d TXGRD
|d OKX
|d ALEML
|d XZ9
|d WARTN
|d OCLCQ
|d QS7
|d OCLCQ
|d CPO
|d OCLCQ
|d ALCOL
|d OCLCQ
|d OCL
|d OCLCA
|d COH
|d AGL
|d OCLCO
|
| 043 |
|
|
|a n-usp--
|
| 050 |
0 |
0 |
|a HD9757.A5
|b T55 1976
|
| 070 |
|
|
|a HD9757.A5T55
|
| 082 |
0 |
0 |
|a 338.4/7/67400978
|
| 084 |
|
|
|a LC 21610
|2 rvk
|
| 110 |
2 |
|
|a Time-Life Books.
|
| 245 |
1 |
4 |
|a The loggers /
|c by the editors of Time-Life Books ; with text by Richard L. Williams.
|
| 260 |
|
|
|a New York :
|b Time-Life Books,
|c ©1976.
|
| 300 |
|
|
|a 240 pages :
|b illustrations (some color) ;
|c 28 cm
|
| 336 |
|
|
|a text
|b txt
|2 rdacontent
|
| 337 |
|
|
|a unmediated
|b n
|2 rdamedia
|
| 338 |
|
|
|a volume
|b nc
|2 rdacarrier
|
| 490 |
1 |
|
|a The Old West
|
| 504 |
|
|
|a Includes bibliographical references (pages 236-237) and index.
|
| 505 |
0 |
|
|a Treasure richer than gold -- Great timber rush -- Taming the virgin forest -- Rude and perilous life -- Blowin' 'er in on Skid Road -- Big business invades the forests -- Credits -- Acknowledgments -- Bibliography -- Index.
|
| 520 |
|
|
|a Provides an interesting portrait or early logging in the west. Many pictures and stories provide a history of the people and their work.
|
| 650 |
|
0 |
|a Lumber trade
|z West (U.S.)
|x History.
|
| 650 |
|
0 |
|a Lumbermen
|z West (U.S.)
|x History.
|
| 650 |
|
1 |
|a Logging.
|
| 650 |
|
1 |
|a Lumbering.
|
| 650 |
|
7 |
|a Lumber trade.
|2 fast
|0 (OCoLC)fst01003543
|
| 650 |
|
7 |
|a Lumbermen.
|2 fast
|0 (OCoLC)fst01003629
|
| 651 |
|
7 |
|a West United States.
|2 fast
|0 (OCoLC)fst01243255
|
| 650 |
|
7 |
|a Forstarbeiter
|2 gnd
|
| 650 |
|
7 |
|a Geschichte
|2 gnd
|
| 650 |
|
7 |
|a Lumbermen.
|2 sears
|
| 650 |
|
7 |
|a Lumber and lumbering.
|2 sears
|
| 651 |
|
7 |
|a West (U.S.)
|x History.
|2 sears
|
| 651 |
|
7 |
|a USA.
|2 swd
|
| 655 |
|
7 |
|a History.
|2 fast
|0 (OCoLC)fst01411628
|
| 700 |
1 |
|
|a Williams, Richard L.
|q (Richard Lippincott)
|
| 830 |
|
0 |
|a Old West (Alexandria, Va.)
|
| 938 |
|
|
|a Baker & Taylor
|b BKTY
|c 14.95
|d 11.21
|i 0316847909
|n 0000080110
|s active
|
| 938 |
|
|
|a Baker and Taylor
|b BTCP
|n 75024792 //r852
|
| 948 |
|
|
|h HELD BY TXA - 1854 OTHER HOLDINGS
|
| 994 |
|
|
|a Z0
|b TXA
|
| 999 |
f |
f |
|s 1fcef828-a35b-3306-910d-eb7ada052ef8
|i e3ae9852-414c-304c-a905-d1cfc5340394
|t 0
|
| 952 |
f |
f |
|p noncirc
|a Texas A&M University
|b College Station
|c Cushing Memorial Library & Archives
|s cush dyks
|d Cushing: Dykes (Does not check out)
|t 0
|e HD9757.A5 T55 1976
|h Library of Congress classification
|i unmediated -- volume
|m A14853121978
|
| 998 |
f |
f |
|a HD9757.A5 T55 1976
|t 0
|l Cushing: Dykes (Does not check out)
|